000 00351nam a2200157Ia 4500
003 OSt
005 20240307095305.0
008 170523s9999 xx 000 0 und d
020 _a978-9352533022
040 _cIIMTU MEERUT
100 _aSHUKLA- MC
245 0 _aADVANCED ACCOUNT VOL-I
260 _bSULTAN CHAND
260 _c2003
942 _2ddc
_c02
999 _c1092
_d1092